Management Accounting (Record no. 2033)

MARC details
000 -LEADER
fixed length control field 00546nam a22002177a 4500
003 - CONTROL NUMBER IDENTIFIER
control field OSt
005 - DATE AND TIME OF LATEST TRANSACTION
control field 20191209161437.0
008 - FIXED-LENGTH DATA ELEMENTS--GENERAL INFORMATION
fixed length control field 150612b xxu||||| |||| 00| 0 eng d
020 ## - INTERNATIONAL STANDARD BOOK NUMBER
International Standard Book Number 9780826463593
020 ## - INTERNATIONAL STANDARD BOOK NUMBER
International Standard Book Number 0826463592
040 ## - CATALOGING SOURCE
Transcribing agency 04
082 ## - DEWEY DECIMAL CLASSIFICATION NUMBER
Classification number 658.1511 LUC 2003
100 ## - MAIN ENTRY--PERSONAL NAME
Personal name Lucey, Terry
9 (RLIN) 5279
245 ## - TITLE STATEMENT
Title Management Accounting
250 ## - EDITION STATEMENT
Edition statement 5th ed.
260 ## - PUBLICATION, DISTRIBUTION, ETC. (IMPRINT)
Place of publication, distribution, etc. UK :
Name of publisher, distributor, etc. Book Power;
Date of publication, distribution, etc. 2003.
300 ## - PHYSICAL DESCRIPTION
Extent ix, 732 p :
504 ## - BIBLIOGRAPHY, ETC. NOTE
Bibliography, etc includes bibliography and index.
650 ## - SUBJECT ADDED ENTRY--TOPICAL TERM
Topical term or geographic name as entry element management accounting
9 (RLIN) 5280
942 ## - ADDED ENTRY ELEMENTS (KOHA)
Source of classification or shelving scheme Other/Generic Classification Scheme
Koha item type Short Loan
Holdings
Withdrawn status Lost status Source of classification or shelving scheme Damaged status Not for loan Home library Current library Date acquired Source of acquisition Inventory number Total Checkouts Full call number Barcode Date last seen Koha item type
    Other/Generic Classification Scheme     MUST Main Library MUST Main Library 12/06/2015 Purchase 05/24816   658.1511 LUC 2003 2015-1859 12/06/2015 Short Loan
    Other/Generic Classification Scheme     MUST Main Library MUST Main Library 12/06/2015 Purchase 03/20634   658.1511 LUC 2003 2015-1860 12/06/2015 Short Loan
    Other/Generic Classification Scheme     MUST Main Library MUST Main Library 12/06/2015 Purchase 05/24814   658.1511 LUC 2003 2015-1861 12/06/2015 Short Loan